[Event "C.to Regionale Lombardia"]
[Site "Solaro ITA"]
[Date "2011.05.28"]
[Round "3"]
[White "Mondini, Francesco"]
[Black "Vitale, Aurora"]
[Result "1-0"]
[WhiteElo "1539"]
[BlackElo "1416"]
[PlyCount "111"]
[EventDate "2011.05.27"]

1. e4 e5 2. Nf3 Nc6 3. Bc4 d6 4. d4 g6 5. dxe5 dxe5 6. Qxd8+ Kxd8 7. O-O Nf6 8.
Bg5 Be7 9. Nc3 Nd4 10. Rad1 c5 11. Nxe5 Be6 12. Bxe6 fxe6 13. Nf7+ Kd7 14. Nxh8
Rxh8 15. Nb5 Nxe4 16. Nxd4 Bxg5 17. Nf3+ Ke7 18. Nxg5 Nxg5 19. Rd3 Ne4 20. Rfd1
Rf8 21. Rd7+ Kf6 22. f3 Ng5 23. Rxb7 a6 24. Re1 h5 25. Rb6 a5 26. h4 Nf7 27.
Rbxe6+ Kg7 28. Re7 Rb8 29. Rc7 Kf8 30. Ree7 Nd6 31. Rh7 Nf7 32. Rhxf7+ Kg8 33.
Rg7+ Kh8 34. Rxg6 Re8 35. Rb6 Kg8 36. Rbc6 Kf8 37. Rc8 Rxc8 38. Rxc8+ Ke7 39.
Rxc5 a4 40. Kf2 Kd6 41. Rxh5 Kc6 42. Ke3 Kb6 43. Kd4 Kc6 44. c4 Kd6 45. Rh6+
Kc7 46. Kd5 Kb7 47. Kc5 Ka7 48. Kb5 Kb7 49. Rh7+ Kc8 50. Kc6 Kd8 51. Kd6 Ke8
52. Ke6 Kf8 53. Kf6 Kg8 54. Ra7 Kh8 55. Kg6 Kg8 56. Ra8# 1-0

[Event "C.to Regionale Lombardia"]
[Site "Solaro ITA"]
[Date "2011.05.28"]
[Round "3"]
[White "Monticelli, Francesco"]
[Black "Petrone, Gianmario"]
[Result "1/2-1/2"]
[WhiteElo "1667"]
[BlackElo "1853"]
[PlyCount "91"]
[EventDate "2011.05.27"]

1. e4 c5 2. Nf3 d6 3. d4 cxd4 4. Nxd4 Nf6 5. Nc3 a6 6. g3 e5 7. Nf3 Be7 8. Bg2
O-O 9. O-O b5 10. a3 Bb7 11. Re1 Nbd7 12. Bg5 h6 13. Bd2 Nb6 14. Nh4 Qc7 15.
Nf5 Nc4 16. b3 Nxd2 17. Qxd2 Rac8 18. Nxe7+ Qxe7 19. Re3 Rc6 20. Rc1 Qc7 21.
Nd5 Nxd5 22. exd5 Rc5 23. b4 Rc4 24. c3 Qd7 25. Bf1 Rcc8 26. c4 bxc4 27. Bxc4
f5 28. Rec3 f4 29. Be2 fxg3 30. hxg3 Qf7 31. Bf3 Rxc3 32. Rxc3 Qf5 33. Qe2 Qb1+
34. Kg2 Bc8 35. Be4 Qa1 36. Qc2 Bd7 37. Qc1 Qxc1 38. Rxc1 Rc8 39. Rxc8+ Bxc8
40. Kf3 Bb7 41. Kg4 Kf7 42. f4 exf4 43. Kxf4 Kf6 44. Bf3 Bc8 45. Be2 g5+ 46.
Ke4 1/2-1/2

[Event "C.to Regionale Lombardia"]
[Site "Solaro ITA"]
[Date "2011.05.28"]
[Round "3"]
[White "Moroni, Luca jr"]
[Black "Biava, Pierluigi"]
[Result "1-0"]
[WhiteElo "1911"]
[BlackElo "1700"]
[PlyCount "137"]
[EventDate "2011.05.27"]

1. e4 e5 2. Nf3 Nc6 3. d4 exd4 4. Bc4 d6 5. Nxd4 Nxd4 6. Qxd4 Qf6 7. Be3 Qxd4
8. Bxd4 Ne7 9. Nd2 Be6 10. O-O Nc6 11. Bc3 Bxc4 12. Nxc4 Rg8 13. Ne3 O-O-O 14.
Rad1 Re8 15. f3 Re6 16. Nd5 Ne7 17. Nf4 Rh6 18. Rfe1 g5 19. Ne2 Ng6 20. Nd4 Ne5
21. Nf5 Rhg6 22. Kf2 h5 23. Re2 Re6 24. Rd5 Ng6 25. g3 Ne7 26. Nxe7+ Bxe7 27.
Rf5 f6 28. f4 gxf4 29. gxf4 Rh8 30. Kf3 Rh6 31. Rg2 Kd7 32. Rg8 a6 33. a4 Bd8
34. b4 c6 35. Bd4 Be7 36. Bb6 d5 37. exd5 cxd5 38. Bd4 Kc6 39. c3 Bd6 40. a5
Bc7 41. Rf8 b6 42. axb6 Bxb6 43. Bxb6 Kxb6 44. Rxd5 Rc6 45. Rd3 Kb5 46. Rb8+
Kc4 47. Re3 Kb3 48. b5 axb5 49. Rxb5+ Kc2 50. Rd5 Rxc3 51. Rxc3+ Kxc3 52. Ke4
h4 53. Kf5 Rh5+ 54. Ke6 Rxd5 55. Kxd5 Kd3 56. Ke6 Ke4 57. f5 h3 58. Kxf6 Kf3
59. Kg5 Kg2 60. f6 Kxh2 61. f7 Kg2 62. f8=Q h2 63. Qa8+ Kg1 64. Qa1+ Kg2 65.
Qb2+ Kg1 66. Qc1+ Kg2 67. Qd2+ Kg1 68. Kg4 h1=Q 69. Kg3 1-0

[Event "C.to Regionale Lombardia"]
[Site "Solaro ITA"]
[Date "2011.05.28"]
[Round "3"]
[White "Oteri, Aldo"]
[Black "Guerini, Sara"]
[Result "0-1"]
[WhiteElo "1839"]
[BlackElo "1603"]
[PlyCount "48"]
[EventDate "2011.05.27"]

1. e4 e5 2. Nf3 Nc6 3. Bb5 a6 4. Ba4 Nf6 5. d4 exd4 6. O-O Be7 7. e5 Nd5 8.
Nxd4 Nxe5 9. Qh5 Bf6 10. Re1 Qe7 11. f4 Qb4 12. c3 Qxa4 13. fxe5 Be7 14. Bg5
Bc5 15. Qh4 Bxd4+ 16. cxd4 Qc6 17. Nc3 b6 18. Ne4 Kf8 19. Bf6 h6 20. Rf1 gxf6
21. Nxf6 Bb7 22. Qg4 Rd8 23. Rac1 Nxf6 24. Rxf6 Qxc1+ 0-1

[Event "C.to Regionale Lombardia"]
[Site "Solaro ITA"]
[Date "2011.05.28"]
[Round "3"]
[White "Pelizzola, Danilo"]
[Black "Borgo, Giulio"]
[Result "0-1"]
[WhiteElo "2040"]
[BlackElo "2399"]
[PlyCount "60"]
[EventDate "2011.05.27"]

1. e4 d5 2. exd5 Qxd5 3. d4 Nc6 4. Be3 e5 5. Nc3 Bb4 6. Qd2 Qa5 7. d5 Nce7 8.
O-O-O Nf6 9. Bb5+ c6 10. dxc6 O-O 11. Nge2 Ne4 12. cxb7 Bxb7 13. Qd7 Bc8 14.
Qd3 Nxc3 15. Nxc3 Bf5 16. Qe2 Bxc3 17. bxc3 Qa3+ 18. Kd2 Nd5 19. Qc4 Rfd8 20.
Qb3 Nxc3+ 21. Kxc3 Rac8+ 22. Bc4 Rxc4+ 23. Kxc4 Be6+ 24. Kb5 Rb8+ 25. Kc6 Qa6+
26. Kc5 Qa5+ 27. Kc6 Bxb3 28. axb3 Qc3+ 29. Kd5 Rd8+ 30. Ke4 Rxd1 0-1

[Event "C.to Regionale Lombardia"]
[Site "Solaro ITA"]
[Date "2011.05.28"]
[Round "3"]
[White "Puppi, Simone"]
[Black "Scotti, Luigi"]
[Result "1-0"]
[WhiteElo "1362"]
[BlackElo "1535"]
[PlyCount "83"]
[EventDate "2011.05.27"]

1. e4 d6 2. Nf3 Nf6 3. Nc3 c5 4. Bc4 e6 5. d4 cxd4 6. Qxd4 Nc6 7. Bb5 Be7 8.
O-O O-O 9. Bxc6 bxc6 10. Bg5 e5 11. Qd2 a5 12. Rad1 Bg4 13. Bxf6 gxf6 14. Qe3
Kh8 15. h3 Bxf3 16. Qxf3 Rg8 17. Ne2 Rb8 18. b3 a4 19. Ng3 axb3 20. axb3 Rg6
21. Nf5 Qc7 22. Rd2 Rbg8 23. g3 Bf8 24. Rfd1 d5 25. exd5 cxd5 26. Qxd5 Bh6 27.
Nxh6 Rxh6 28. Qd7 Qc5 29. Kg2 Rhg6 30. Qd5 Qc7 31. c4 f5 32. Qd7 Qb6 33. Qxf5
Qb7+ 34. Rd5 f6 35. Qf3 Qe7 36. Qh5 Qb7 37. Qf3 Qe7 38. Qe4 Qb7 39. Rb1 R6g7
40. Kh2 Qb4 41. Rd3 Qb6 42. c5 1-0

[Event "C.to Regionale Lombardia"]
[Site "Solaro ITA"]
[Date "2011.05.28"]
[Round "3"]
[White "Revinelli, Sergio"]
[Black "Falchi, Claudio"]
[Result "1-0"]
[WhiteElo "1871"]
[BlackElo "1750"]
[PlyCount "51"]
[EventDate "2011.05.27"]

1. e4 e6 2. d4 d5 3. Nd2 c5 4. exd5 Qxd5 5. Ngf3 cxd4 6. Bc4 Qd6 7. O-O Nf6 8.
Nb3 Nc6 9. Nbxd4 Nxd4 10. Nxd4 a6 11. c3 Qc7 12. Be2 Bd6 13. g3 Bd7 14. Bf3 h5
15. Re1 O-O-O 16. Bg5 h4 17. Bxh4 Rdg8 18. Bg5 Rh7 19. Qe2 Rgh8 20. h4 Nh5 21.
b3 Kb8 22. Qc4 Bxg3 23. fxg3 Qxg3+ 24. Bg2 e5 25. Qd5 Bc6 26. Nxc6+ 1-0

[Event "C.to Regionale Lombardia"]
[Site "Solaro ITA"]
[Date "2011.05.28"]
[Round "3"]
[White "Villa, Giorgio"]
[Black "Brioschi, Camillo"]
[Result "1-0"]
[WhiteElo "1846"]
[BlackElo "1819"]
[PlyCount "51"]
[EventDate "2011.05.27"]

1. d4 Nf6 2. Nf3 g6 3. c4 Bg7 4. g3 d6 5. Bg2 Nbd7 6. Nc3 O-O 7. O-O e5 8. e4
exd4 9. Nxd4 Nc5 10. h3 Re8 11. Re1 a5 12. Bf4 Nfd7 13. Nb3 Ne6 14. Be3 Ne5 15.
Qe2 Nc6 16. Rad1 Bd7 17. Nb5 Rc8 18. Qd2 Qe7 19. c5 dxc5 20. Qxd7 Qf6 21. Qd2
Qxb2 22. Qxb2 Bxb2 23. Nxc5 b6 24. Nxe6 Rxe6 25. Rd7 Re7 26. Red1 1-0

[Event "C.to Regionale Lombardia"]
[Site "Solaro ITA"]
[Date "2011.05.28"]
[Round "3"]
[White "Vitale, Alessandro"]
[Black "Brigatti, Lorenzo"]
[Result "1/2-1/2"]
[WhiteElo "1566"]
[BlackElo "1841"]
[PlyCount "51"]
[EventDate "2011.05.27"]

1. e4 c5 2. Nf3 d6 3. d4 cxd4 4. Nxd4 Nf6 5. Nc3 g6 6. Bc4 Bg7 7. Be3 Nc6 8. f3
Bd7 9. Qd2 O-O 10. O-O-O Rb8 11. h4 b5 12. Bb3 Na5 13. g4 Nxb3+ 14. Nxb3 b4 15.
Ne2 Qc7 16. Bh6 Bxh6 17. Qxh6 Rfc8 18. Rd2 a5 19. h5 a4 20. Na1 b3 21. hxg6
fxg6 22. g5 Nh5 23. Rxh5 gxh5 24. g6 hxg6 25. Qxg6+ Kf8 26. Qh6+ 1/2-1/2

[Event "C.to Regionale Lombardia"]
[Site "Solaro ITA"]
[Date "2011.05.29"]
[Round "4"]
[White "Bernasconi, Roberto"]
[Black "Marchini, Daniele"]
[Result "1/2-1/2"]
[WhiteElo "1934"]
[BlackElo "1799"]
[PlyCount "65"]
[EventDate "2011.05.27"]

1. e4 c5 2. Nf3 d6 3. d4 cxd4 4. Nxd4 Nf6 5. Nc3 a6 6. Bg5 e6 7. f4 b5 8. Bd3
Nbd7 9. Qe2 Qc7 10. O-O-O Be7 11. Rhe1 b4 12. Na4 Bb7 13. Kb1 Qa5 14. b3 Nc5
15. Nxc5 Qxc5 16. Bxf6 Bxf6 17. e5 dxe5 18. fxe5 Be7 19. Nxe6 fxe6 20. Qh5+ Kd8
21. Bf5+ Kc7 22. Bxe6 Bc6 23. Qf7 a5 24. Rd6 Rhe8 25. Qxg7 a4 26. bxa4 Bxa4 27.
Bb3 Kb8 28. Rd5 Qc6 29. Red1 Bxb3 30. cxb3 Rxa2 31. Kxa2 Qc2+ 32. Ka1 Qc3+ 33.
Ka2 1/2-1/2

[Event "C.to Regionale Lombardia"]
[Site "Solaro ITA"]
[Date "2011.05.29"]
[Round "4"]
[White "Bertamini, Alberto"]
[Black "Miracola, Giorgia"]
[Result "0-1"]
[WhiteElo "1671"]
[BlackElo "1753"]
[PlyCount "104"]
[EventDate "2011.05.27"]

1. d4 d5 2. c4 e6 3. Nc3 c6 4. c5 b6 5. b4 Nd7 6. Nf3 Be7 7. Bf4 Bf6 8. Ne5
Nxe5 9. Bxe5 Bxe5 10. dxe5 bxc5 11. bxc5 d4 12. Ne4 Qd5 13. Nd6+ Ke7 14. Qb3
Qxe5 15. Rc1 Nf6 16. Qf3 Bd7 17. e3 dxe3 18. fxe3 Qb2 19. Qd1 Qxa2 20. Be2 Qd5
21. O-O Rhf8 22. Bf3 Qxd1 23. Rfxd1 e5 24. Ra1 a5 25. Nc4 e4 26. Be2 a4 27. Nb6
Ra5 28. Rxa4 Rxc5 29. Ra7 Rd8 30. Bg4 Nxg4 31. Nxd7 Rxd7 32. Raxd7+ Ke6 33. Rd8
Ke7 34. R8d4 f5 35. Rd7+ Kf6 36. R1d6+ Ke5 37. Rd1 Nxe3 38. Re1 Ng4 39. h3 Nf6
40. Rxg7 Rc3 41. Re7+ Kd6 42. Rf7 Ke6 43. Rf8 c5 44. Rf1 Ke5 45. g4 f4 46. g5
Rg3+ 47. Kf2 Rxg5 48. Rc8 e3+ 49. Ke2 Ke4 50. Rf8 Rf5 51. Ra8 f3+ 52. Ke1 Rd5
0-1

[Event "C.to Regionale Lombardia"]
[Site "Solaro ITA"]
[Date "2011.05.29"]
[Round "4"]
[White "Biava, Pierluigi"]
[Black "Puppi, Simone"]
[Result "1/2-1/2"]
[WhiteElo "1700"]
[BlackElo "1362"]
[PlyCount "105"]
[EventDate "2011.05.27"]

1. d4 e6 2. c4 Nf6 3. Nf3 b6 4. g3 Bb7 5. Bg2 d5 6. O-O c5 7. Ne5 Nbd7 8. Qa4
Bd6 9. cxd5 Bxd5 10. Nxd7 Qxd7 11. Qxd7+ Nxd7 12. Bxd5 exd5 13. dxc5 Bxc5 14.
Nc3 Nf6 15. Bg5 Ne4 16. Nxd5 Nxg5 17. Nc7+ Ke7 18. Nxa8 Rxa8 19. e3 Rd8 20.
Rfd1 Rxd1+ 21. Rxd1 a5 22. h4 Ne6 23. Kg2 h6 24. Kf3 f5 25. Rd5 Kf6 26. g4 g6
27. Kg3 fxg4 28. Kxg4 Nc7 29. Rd7 Ne6 30. Rd5 Ke7 31. Rd3 h5+ 32. Kg3 g5 33.
hxg5 Nxg5 34. Kh4 Ne4 35. f3 Nf6 36. f4 Ke6 37. Kg5 Nd5 38. e4 Nb4 39. Rh3 Nxa2
40. Rxh5 Nb4 41. Rh6+ Kf7 42. Kf5 Ke7 43. Rh7+ Ke8 44. Ke6 Nc6 45. Rh8+ Bf8 46.
f5 Nd8+ 47. Kd5 b5 48. Rxf8+ Kxf8 49. Kc5 Nf7 50. Kxb5 Nd6+ 51. Kxa5 Nxe4 52.
b4 Nd6 53. b5 1/2-1/2

[Event "C.to Regionale Lombardia"]
[Site "Solaro ITA"]
[Date "2011.05.29"]
[Round "4"]
[White "Borgo, Giulio"]
[Black "Bellia, Fabrizio"]
[Result "1/2-1/2"]
[WhiteElo "2399"]
[BlackElo "2415"]
[PlyCount "21"]
[EventDate "2011.05.27"]

1. e4 c6 2. d4 d5 3. Nd2 dxe4 4. Nxe4 Nf6 5. Nxf6+ exf6 6. c3 Bd6 7. Bd3 O-O 8.
Qc2 Re8+ 9. Ne2 g6 10. Be3 Be6 11. O-O 1/2-1/2

[Event "C.to Regionale Lombardia"]
[Site "Solaro ITA"]
[Date "2011.05.29"]
[Round "4"]
[White "Brigatti, Lorenzo"]
[Black "Revinelli, Sergio"]
[Result "0-1"]
[WhiteElo "1841"]
[BlackElo "1871"]
[PlyCount "80"]
[EventDate "2011.05.27"]

1. e4 e5 2. Nf3 Nc6 3. Bc4 Nf6 4. Ng5 d5 5. exd5 Na5 6. Bb5+ c6 7. dxc6 bxc6 8.
Be2 h6 9. Nf3 e4 10. Ne5 Bd6 11. d4 exd3 12. Nxd3 Qc7 13. h3 O-O 14. O-O Ba6
15. Nd2 Rad8 16. b3 Rfe8 17. Bb2 Nd5 18. Re1 c5 19. Bf3 Rxe1+ 20. Qxe1 Bxd3 21.
cxd3 Nb4 22. Ne4 Bf8 23. Qc3 Nxd3 24. Rd1 Nxb2 25. Rxd8 Qxd8 26. Qxb2 Qb6 27.
Qe5 c4 28. bxc4 Nxc4 29. Qd5 Nd6 30. Nc5 Qb1+ 31. Kh2 Qf5 32. Qc6 Qc8 33. Qd5
Qf5 34. Qc6 Qc8 35. Nd7 Be7 36. Qxc8+ Nxc8 37. Ne5 Bd6 38. Bb7 Bxe5+ 39. f4
Bxf4+ 40. g3 Nd6 0-1

[Event "C.to Regionale Lombardia"]
[Site "Solaro ITA"]
[Date "2011.05.29"]
[Round "4"]
[White "Brioschi, Camillo"]
[Black "Barolo, Andrea"]
[Result "1-0"]
[WhiteElo "1819"]
[BlackElo "1964"]
[PlyCount "87"]
[EventDate "2011.05.27"]

1. d4 Nf6 2. c4 g6 3. Nc3 d5 4. Bf4 Bg7 5. e3 c5 6. dxc5 Qa5 7. Rc1 Ne4 8. cxd5
Nxc3 9. Qd2 Qxa2 10. bxc3 Qxd2+ 11. Kxd2 Nd7 12. Bb5 O-O 13. Bxd7 Bxd7 14. e4
a5 15. Ne2 a4 16. Rb1 Bc8 17. Rb4 Ra5 18. Ra1 Rxc5 19. Raxa4 Bd7 20. Ra7 Bc8
21. Be3 Rc7 22. c4 f5 23. f3 fxe4 24. fxe4 Be5 25. c5 Rd7 26. Nd4 Bxd4 27. Rxd4
Rdd8 28. Ke1 Kg7 29. Rd2 Rf7 30. Rf2 Rxf2 31. Bxf2 Kf6 32. Bd4+ Kg5 33. Be5 Rf8
34. c6 bxc6 35. dxc6 Re8 36. Kd2 h5 37. Ke3 Be6 38. Rb7 Rc8 39. c7 Rf8 40. Rb8
Rc8 41. Kd4 h4 42. Kc5 h3 43. gxh3 Bxh3 44. Kb6 1-0

[Event "C.to Regionale Lombardia"]
[Site "Solaro ITA"]
[Date "2011.05.29"]
[Round "4"]
[White "Canciani, Alberto"]
[Black "Mondini, Francesco"]
[Result "1-0"]
[WhiteElo "1587"]
[BlackElo "1539"]
[PlyCount "81"]
[EventDate "2011.05.27"]

1. c4 Nf6 2. Nc3 b6 3. e4 e5 4. Nf3 Nc6 5. a3 Bb7 6. d3 d6 7. h3 Qd7 8. Be3 Be7
9. b4 a5 10. b5 Nd8 11. g4 c6 12. Bxb6 h6 13. Be3 Ne6 14. Bg2 g5 15. Qd2 Nf4
16. Bxf4 gxf4 17. d4 cxb5 18. Nxb5 Nxe4 19. Qb2 Ng5 20. Qe2 e4 21. Nxg5 f3 22.
Nxf3 exf3 23. Bxf3 Bxf3 24. Qxf3 Qe6+ 25. Qe2 Rc8 26. Qxe6 fxe6 27. Rc1 Rf8 28.
Ke2 Kd7 29. f3 Rf4 30. a4 Rcf8 31. Rhf1 Bg5 32. Rc2 Bf6 33. c5 dxc5 34. dxc5
Rxa4 35. c6+ Kc8 36. c7 Rb4 37. Na7+ Kb7 38. c8=Q+ Rxc8 39. Nxc8 Rb2 40. Rxb2+
Kxc8 41. Rc2+ 1-0

[Event "C.to Regionale Lombardia"]
[Site "Solaro ITA"]
[Date "2011.05.29"]
[Round "4"]
[White "Ferraris, Fulvio"]
[Black "Lamera, Giuseppe"]
[Result "1-0"]
[WhiteElo "1713"]
[BlackElo "1462"]
[PlyCount "63"]
[EventDate "2011.05.27"]

1. d4 d6 2. c4 Nf6 3. Nc3 c6 4. Qc2 g6 5. Bg5 Bg7 6. Rd1 Qa5 7. Bxf6 Bxf6 8. e3
O-O 9. Bd3 Na6 10. a3 c5 11. Nge2 Qd8 12. h4 b6 13. h5 Kg7 14. Be4 Rb8 15. hxg6
hxg6 16. d5 Bd7 17. f4 Qc8 18. Ng3 Rh8 19. Kd2 Bg4 20. Rxh8 Qxh8 21. Rh1 Qc8
22. f5 gxf5 23. Bxf5 Bxf5 24. Nxf5+ Kf8 25. g4 Ke8 26. Ne4 Be5 27. Nc3 Nc7 28.
a4 a5 29. Rh7 Na6 30. Ng7+ Bxg7 31. Rxg7 Kf8 32. Qh7 1-0

[Event "C.to Regionale Lombardia"]
[Site "Solaro ITA"]
[Date "2011.05.29"]
[Round "4"]
[White "Gonella, Graziano"]
[Black "Guerini, Silvia jr"]
[Result "0-1"]
[WhiteElo "1235"]
[BlackElo "1690"]
[PlyCount "68"]
[EventDate "2011.05.27"]

1. c4 e5 2. g3 Nf6 3. Bg2 d5 4. b3 dxc4 5. bxc4 Qd4 6. Nc3 Qxc4 7. Bb2 Nc6 8.
d3 Qe6 9. Nf3 Bd6 10. O-O O-O 11. Re1 Qe7 12. Nb5 Bc5 13. d4 exd4 14. Nfxd4
Nxd4 15. Nxd4 Rd8 16. e3 Bb4 17. Re2 c5 18. a3 Ba5 19. Qa4 cxd4 20. Qxa5 Bg4
21. Rd2 dxe3 22. Rxd8+ Rxd8 23. Re1 e2 24. Bxb7 Rd1 25. Bg2 Rxe1+ 26. Qxe1 Qd7
27. Bc3 Qd1 28. Bd2 Nd7 29. f3 Nc5 30. fxg4 Nd3 31. Bf3 Nxe1 32. Kf2 Nxf3 33.
Bb4 Nd2 34. Bxd2 Qxd2 0-1

[Event "C.to Regionale Lombardia"]
[Site "Solaro ITA"]
[Date "2011.05.29"]
[Round "4"]
[White "Molinelli, Luigi"]
[Black "Aldeghi, Damiano"]
[Result "0-1"]
[WhiteElo "1273"]
[BlackElo "1416"]
[PlyCount "46"]
[EventDate "2011.05.27"]

1. d4 d5 2. Nf3 Nc6 3. g3 Bf5 4. a3 Nf6 5. Nc3 e6 6. Bg2 h6 7. O-O Be7 8. e3
O-O 9. Bd2 Re8 10. Re1 Qd7 11. Nh4 Bh7 12. Na2 Ne4 13. Qe2 Bxh4 14. gxh4 Qe7
15. Bxe4 Bxe4 16. Bc3 Qxh4 17. f3 Bf5 18. Kh1 e5 19. dxe5 Nxe5 20. f4 Be4+ 21.
Kg1 Nf3+ 22. Qxf3 Bxf3 23. Rec1 Qh3 0-1

[Event "C.to Regionale Lombardia"]
[Site "Solaro ITA"]
[Date "2011.05.29"]
[Round "4"]
[White "Monticelli, Francesco"]
[Black "Greco, Umberto"]
[Result "1/2-1/2"]
[WhiteElo "1667"]
[BlackElo "1702"]
[PlyCount "121"]
[EventDate "2011.05.27"]

1. e4 e5 2. Nf3 Nc6 3. Bc4 Bc5 4. c3 Nf6 5. d3 O-O 6. O-O h6 7. Re1 a6 8. a4 a5
9. Be3 Bxe3 10. Rxe3 d6 11. h3 Ne7 12. d4 Ng6 13. dxe5 Nxe5 14. Nxe5 dxe5 15.
Nd2 b6 16. Qe2 Bd7 17. Rd3 Qe7 18. Nf3 Rad8 19. Rad1 Bxa4 20. Rxd8 Rxd8 21.
Rxd8+ Qxd8 22. Nxe5 Be8 23. f3 Kf8 24. Qd3 Qxd3 25. Nxd3 Ke7 26. Kf2 Nd7 27. f4
f6 28. Ke3 Kd6 29. Kd4 c5+ 30. Ke3 Bg6 31. g3 Kc6 32. Bd5+ Kd6 33. c4 Be8 34.
b3 Nb8 35. e5+ fxe5 36. fxe5+ Ke7 37. Nf4 Nd7 38. Nd3 Bg6 39. Be4 Bf7 40. Bd5
Bg6 41. Be4 Bh5 42. Bf3 Bxf3 43. Kxf3 Nb8 44. Ke4 Nc6 45. Nf4 Nd4 46. Nd5+ Ke6
47. Nxb6 Nxb3 48. Na4 g5 49. g4 Nd2+ 50. Kd3 Nxc4 51. Kxc4 Kxe5 52. Nxc5 Kf4
53. Ne6+ Kg3 54. Nd4 Kxh3 55. Nf5 Kxg4 56. Nxh6+ Kh4 57. Nf5+ Kh5 58. Kb5 g4
59. Ng3+ Kh4 60. Ne4 Kh3 61. Kxa5 1/2-1/2

[Event "C.to Regionale Lombardia"]
[Site "Solaro ITA"]
[Date "2011.05.29"]
[Round "4"]
[White "Oteri, Aldo"]
[Black "Coppola, Federico"]
[Result "0-1"]
[WhiteElo "1839"]
[BlackElo "1746"]
[PlyCount "106"]
[EventDate "2011.05.27"]

1. e4 c5 2. Nf3 d6 3. d4 cxd4 4. Nxd4 Nf6 5. Nc3 g6 6. Be3 Bg7 7. f3 O-O 8. Qd2
Nc6 9. O-O-O d5 10. Kb1 Nxd4 11. Bxd4 dxe4 12. Bxf6 Qxd2 13. Rxd2 Bxf6 14. Nxe4
Bg7 15. Bc4 b5 16. Bd5 Rb8 17. Nc5 Bh6 18. Rdd1 Be3 19. b4 e6 20. Bc6 Rb6 21.
Bd7 Rd8 22. Rd3 Bxd7 23. Rxe3 Bc8 24. Rd3 Rbd6 25. Rhd1 Rxd3 26. Rxd3 Rxd3 27.
cxd3 e5 28. Kc2 Kf8 29. d4 f6 30. dxe5 fxe5 31. g4 Ke7 32. Kd3 Be6 33. Ke4 Kd6
34. Nxe6 Kxe6 35. g5 Kd6 36. a3 Ke6 37. h3 Kd6 38. f4 exf4 39. Kxf4 Kd5 40. Ke3
Ke5 41. h4 a6 42. Kd3 Kf4 43. Kd4 Kg4 44. Kc5 Kxh4 45. Kb6 Kxg5 46. Kxa6 h5 47.
Kxb5 h4 48. a4 h3 49. a5 h2 50. a6 h1=Q 51. Kb6 Qg1+ 52. Ka5 Qa7 53. b5 Qc7+
0-1

[Event "C.to Regionale Lombardia"]
[Site "Solaro ITA"]
[Date "2011.05.29"]
[Round "4"]
[White "Petrone, Gianmario"]
[Black "Vitale, Alessandro"]
[Result "1-0"]
[WhiteElo "1853"]
[BlackElo "1566"]
[PlyCount "43"]
[EventDate "2011.05.27"]

1. e4 e5 2. Nf3 Nc6 3. Bb5 a6 4. Bxc6 dxc6 5. O-O Bd6 6. d4 f6 7. dxe5 fxe5 8.
Nxe5 Nf6 9. Nf3 Nxe4 10. Qe2 Qe7 11. Qc4 Nc5 12. Bg5 Be6 13. Qe2 Qf7 14. Re1
Kd7 15. b4 Na4 16. c4 Bxc4 17. Qd1 Rae8 18. Rxe8 Rxe8 19. Qxa4 Be5 20. Nxe5+
Rxe5 21. Qd1+ Kc8 22. Qd8# 1-0

[Event "C.to Regionale Lombardia"]
[Site "Solaro ITA"]
[Date "2011.05.29"]
[Round "4"]
[White "Regorda, Vittorio"]
[Black "Pelizzola, Danilo"]
[Result "0-1"]
[WhiteElo "1877"]
[BlackElo "2040"]
[PlyCount "36"]
[EventDate "2011.05.27"]

1. d4 Nf6 2. c4 e6 3. Nf3 b6 4. g3 Bb7 5. Bg2 Bb4+ 6. Bd2 Bxd2+ 7. Qxd2 d6 8.
Nc3 Nbd7 9. O-O Ne4 10. Nxe4 Bxe4 11. Nh4 Bxg2 12. Nxg2 Qe7 13. Rfe1 O-O 14. e4
c6 15. Rac1 Rfd8 16. d5 Rac8 17. b3 Ne5 18. f4 Nf3+ 0-1

[Event "C.to Regionale Lombardia"]
[Site "Solaro ITA"]
[Date "2011.05.29"]
[Round "4"]
[White "Rettore, Ludwig"]
[Black "Moroni, Luca jr"]
[Result "1-0"]
[WhiteElo "2163"]
[BlackElo "1911"]
[PlyCount "49"]
[EventDate "2011.05.27"]

1. d4 d5 2. Nf3 Nf6 3. c4 e6 4. Nc3 c6 5. Bg5 Nbd7 6. e3 Qa5 7. Nd2 Bb4 8. Qc2
Ne4 9. Ndxe4 dxe4 10. Bh4 O-O 11. Be2 e5 12. O-O f5 13. a3 Bxc3 14. bxc3 Nf6
15. Bg3 Nd7 16. c5 Qc7 17. Bc4+ Kh8 18. f3 f4 19. Bh4 exf3 20. Rxf3 fxe3 21.
Raf1 Rxf3 22. Rxf3 b6 23. Rf7 e2 24. Qxe2 h6 25. Qg4 1-0

[Event "C.to Regionale Lombardia"]
[Site "Solaro ITA"]
[Date "2011.05.29"]
[Round "4"]
[White "Ronconi, Fausto"]
[Black "Guerini, Sara"]
[Result "1-0"]
[WhiteElo "1754"]
[BlackElo "1603"]
[PlyCount "99"]
[EventDate "2011.05.27"]

1. d4 d5 2. c4 e6 3. Nc3 Nf6 4. Bg5 Be7 5. e3 Nbd7 6. Nf3 b6 7. cxd5 exd5 8.
Rc1 Bb7 9. Bd3 O-O 10. Qc2 Rc8 11. O-O h6 12. Bh4 Re8 13. Rfe1 Nf8 14. Qa4 a6
15. Ne5 N6d7 16. Bxe7 Qxe7 17. Nxd7 Nxd7 18. e4 b5 19. Qc2 dxe4 20. Nxe4 Qb4
21. Qc3 Qxc3 22. bxc3 Bd5 23. a3 Kf8 24. f3 g6 25. Kf2 Kg7 26. c4 bxc4 27. Bxc4
Bxc4 28. Rxc4 Nb6 29. Rc6 Red8 30. Rec1 Rxd4 31. Rxb6 cxb6 32. Rxc8 Rd3 33. Rc6
Rxa3 34. Rxb6 a5 35. Ra6 a4 36. Nc5 Ra2+ 37. Kg3 a3 38. Ne4 g5 39. Nc3 Ra1 40.
Nb5 h5 41. Rxa3 Rxa3 42. Nxa3 f5 43. Nc4 Kf6 44. Kf2 Ke6 45. Ke3 Kd5 46. Kd3 h4
47. g4 f4 48. h3 Ke6 49. Ke4 Kf6 50. Kd5 1-0

[Event "C.to Regionale Lombardia"]
[Site "Solaro ITA"]
[Date "2011.05.29"]
[Round "4"]
[White "Sala, Giovanni"]
[Black "Cervini, Gian Piero"]
[Result "1/2-1/2"]
[WhiteElo "1969"]
[BlackElo "1752"]
[PlyCount "84"]
[EventDate "2011.05.27"]

1. c4 g6 2. Nc3 Bg7 3. g3 Nf6 4. Bg2 d6 5. e4 c6 6. Nge2 Nbd7 7. O-O O-O 8. d4
e5 9. d5 cxd5 10. cxd5 Nc5 11. b4 Na6 12. a3 Nh5 13. Be3 f5 14. f3 f4 15. Bf2
fxg3 16. hxg3 Nc7 17. Qd3 Bd7 18. b5 a6 19. a4 Bh6 20. b6 Ne8 21. Nd1 Rc8 22.
Ne3 Qg5 23. Nc4 Neg7 24. Be3 Nf4 25. Nxf4 exf4 26. gxf4 Qg3 27. Nxd6 Bh3 28.
Rf2 Nh5 29. Nxc8 Nxf4 30. Ne7+ Kf7 31. Bxf4 Bxf4 32. Kf1 Kxe7 33. Bxh3 Qxh3+
34. Ke2 Bg3 35. Rc1 Bxf2 36. Rc7+ Ke8 37. Kxf2 Qh2+ 38. Ke3 Qg1+ 39. Kd2 Qf2+
40. Qe2 Qd4+ 41. Qd3 Qf2+ 42. Qe2 Qd4+ 1/2-1/2

[Event "C.to Regionale Lombardia"]
[Site "Solaro ITA"]
[Date "2011.05.29"]
[Round "4"]
[White "Sirletti, Sonia"]
[Black "Maccarini, Luca Nicola"]
[Result "0-1"]
[WhiteElo "1959"]
[BlackElo "1937"]
[PlyCount "92"]
[EventDate "2011.05.27"]

1. d4 d5 2. c4 Bf5 3. cxd5 Bxb1 4. Rxb1 Qxd5 5. Nf3 Nc6 6. e3 O-O-O 7. Bd2 e5
8. dxe5 Nxe5 9. Nxe5 Qxe5 10. Qg4+ f5 11. Qa4 Qe4 12. Qxe4 fxe4 13. Bc3 Nf6 14.
Bc4 Be7 15. Ke2 Rhf8 16. Rhd1 Kb8 17. h3 g5 18. Rxd8+ Rxd8 19. Rd1 Rxd1 20.
Kxd1 Nd7 21. Be6 Nc5 22. Bf5 h5 23. Ke2 h4 24. Bd4 a5 25. f3 exf3+ 26. Kxf3 b6
27. Kg4 Kb7 28. Bg7 a4 29. Kh5 Kc6 30. Kg6 Nd7 31. Bxd7+ Kxd7 32. e4 Ke6 33. e5
c5 34. Bf6 c4 35. a3 b5 36. Bxe7 Kxe7 37. Kf5 b4 38. axb4 c3 39. bxc3 a3 40.
Ke4 Ke6 41. Kd4 a2 42. Kc5 a1=Q 43. c4 Qxe5+ 44. Kb6 Kd7 45. c5 Qb8+ 46. Ka5
Kc6 0-1